Normal view
MARC view
Entry Personal Name
001 - CONTROL NUMBER
- control field: 123883
003 - CONTROL NUMBER IDENTIFIER
- control field: NUST
005 - DATE AND TIME OF LATEST TRANSACTION
- control field: 20240628113737.0
008 - FIXED-LENGTH DATA ELEMENTS
- fixed length control field: 240628|| aca||aabn | a|a d
040 ## - CATALOGING SOURCE
- Original cataloging agency: NUST
- Transcribing agency: NUST
100 ## - HEADING--PERSONAL NAME
- General subdivision: PhD-Computational Science and Engineering
670 ## - SOURCE DATA FOUND
- Source citation: Work cat.: (NUST)531986: Sheikh Iftikhar Ali 25238, Introducing Time Delays in Process Hitting Framework of Biological Regulatory Networks/, 2019.
